| 000 | 00446nam a2200133Ia 4500 | ||
|---|---|---|---|
| 008 | 191014s9999 xx 000 0 und d | ||
| 020 | _a981-02-3817-7 | ||
| 082 |
_a539.72 _bYAN |
||
| 100 |
_aHai Yang Cheng, Wei Shu Hou, Hsiang Nan Li, Guey Lin Lin _920549 |
||
| 245 | 0 | _aProceedings of the Fourth International Workshop Particle Physics Phenomenology | |
| 260 |
_aSingapore _bWorld Scientific Company _c1999 |
||
| 300 | _aIx,356 | ||
| 942 | _cBK | ||
| 999 |
_c531141 _d531141 |
||